| 000 | 00897nmc a2200301 a 4500 | ||
|---|---|---|---|
| 003 | AR-BaBNM | ||
| 005 | 20251128204342.0 | ||
| 008 | 011101s1992 ||||||||||||||000 | spa|| | ||
| 020 | _a84-7509-822-3 | ||
| 040 | _cAR-BaBNM | ||
| 100 | 1 | _aWilson, John D. | |
| 245 | 1 | 0 | _aCómo valorar la calidad de la enseñanza |
| 260 |
_aBarcelona _bPaidós _c1992 |
||
| 300 | 0 |
_a137 p. _bgráfs. |
|
| 490 | 0 |
_aTemas de educación _vv. 30 |
|
| 500 | 0 | _aTraducción de Guillermo Solana Alonso | |
| 504 | _aContiene bibliografía eíndice analítico | ||
| 650 | 4 | _aCALIDAD DE LA EDUCACION | |
| 650 | 4 | _aFACTORES DE RENDIMIENTO | |
| 650 | 4 | _aRENDIMIENTO DE LA EDUCACION | |
| 650 | 4 | _aPERFECCIONAMIENTO DEL DOCENTE | |
| 650 | 4 | _aROL DEL DOCENTE | |
| 650 | 4 | _aEFICACIA DEL DOCENTE | |
| 650 | 4 | _aEVALUACION DEL DOCENTE | |
| 650 | 4 | _aPLANIFICACION DE LA EDUCACION | |
| 942 | _cBK | ||
| 998 | _cCarmen | ||
| 999 |
_c7124 _d7124 |
||